Η πολιτική σκέψη του Αριστοτέλη

Αποθηκεύτηκε σε:
Λεπτομέρειες βιβλιογραφικής εγγραφής
Κύριος συγγραφέας: Kullmann, Wolfgang
Άλλοι συγγραφείς: Ρεγκάκος, Αντώνιος, 1957- (Μεταφραστής)
Μορφή: Βιβλίο
Γλώσσα:Greek
German
Italian
Δημοσίευση: Αθήνα : Μορφωτικό Ίδρυμα Εθνικής Τραπέζης, 2003, c1993.
Θέματα:
Ετικέτες: Προσθήκη ετικέτας
Δεν υπάρχουν, Καταχωρήστε ετικέτα πρώτοι!

MARC

LEADER 00000cam a2200000 i 4500
001 1/45525
008 070605s1996 gr | ||| |||| ||gre||
020 |a 9602501278 
035 |l 10088143 
040 |a GR-MyUA  |b gre  |e AACR2 
041 1 |a gre  |h ger  |h ita 
082 0 |a 320.092  |2 (22) 
100 1 |a Kullmann, Wolfgang. 
245 1 2 |a Η πολιτική σκέψη του Αριστοτέλη /   |c Wolfgang Kullmann ; μετάφραση Α. Ρεγκάκος.  
260 |a Αθήνα :   |b Μορφωτικό Ίδρυμα Εθνικής Τραπέζης,   |c 2003, c1993.  
300 |a 198 σ. ;   |c 23 εκ.  
500 |a Η μετάφραση έγινε από το γερμανικό πρωτότυπο 
500 |a Το Παράρτημα της Λέσβου διαθέτει την 1η ανατύπωση, 2003 
500 |a Τίτλος πρωτοτύπου: Il pensiero politico di Aristotele.  
504 |a Βιβλιογραφία: σ. 177-188.  
504 |a Περιέχει ευρετήριο 
600 0 7 |2 nlgaf  |a Αριστοτέλης,   |d 384-322 π.Χ. 
650 0 |a Political science  |x Philosophy. 
700 1 |a Ρεγκάκος, Αντώνιος,   |d 1957-  |e trl 
852 |a INST  |b LESVOS  |e 20070605  |h 320.092 KUL  |p 005100038276  |q 005100038276  |t BK  |y 0 
901 |a BIBL1-2007-2 
909 |a Λ  |b 135058 
922 |a 1ΕΛΗ  |b 200705  |c ΕΠΕΑΕΚ2/ΤΚΑ  |d Σ. ΠΑΤΑΚΗΣ 
970 |a ΒΑΡΚΑ  |b ΕΛΕΥΘΕΡΙΑ  |z 2007/06/05